[Event "FRA-ch U08"]
[Site "Le Grand Bornand"]
[Date "2007.04.??"]
[Round "2"]
[White "Genin, Maxime"]
[Black "Chanmougavelou, Ragavan"]
[Result "0-1"]
[WhiteElo "1871"]
[BlackElo "1620"]
[PlyCount "100"]
[EventDate "2007.04.07"]
[EventType "swiss"]
[EventRounds "9"]
[EventCountry "FRA"]
[SourceTitle "CBM 118 Extra"]
[Source "ChessBase"]
[SourceDate "2007.07.04"]
[SourceVersion "1"]
[SourceVersionDate "2007.07.04"]
[SourceQuality "1"]

1. e4 e5 2. Nf3 Nc6 3. Nc3 Nf6 4. d4 exd4 5. Nxd4 Bb4 6. Nxc6 bxc6 7. Bd3 d5 8. exd5 cxd5 9. 0-0 0-0 10. Bg5 c6 11. h3 Qd6 12. Re1 Bd7 13. Qf3 d4 14. Ne4 Nxe4 15. Rxe4 Rfe8 16. a3 Ba5 17. Rh4 h6 18. Qh5 Re5 19. f4 Re1+ 20. Rxe1 Bxe1 21. f5 Bxh4 22. Bxh4 Qe5 23. Bf2 Qf4 24. b3 Re8 25. g3 Qe5 26. Qf3 c5 27. g4 Qe7 28. Bc4 Qe5 29. Bd3 Qc7 30. Be4 Bb5 31. a4 Ba6 32. Bg3 Qe7 33. Bd5 Qe3+ 34. Qxe3 dxe3 35. Be1 Be2 36. Kg2 Bd1 37. c3 Rb8 38. b4 cxb4 39. cxb4 Bxa4 40. Bc4 Rd8 41. Kf3 Re8 42. Be2 Bc6+ 43. Kg3 Rc8 44. Bd3 Bd5 45. Kf4 Rc1 46. Bg3 Bc4 47. Bxc4 Rxc4+ 48. Kxe3 Rxb4 49. Kf3 Rb3+ 50. Kg2 Rxg3+ 0-1

[Event "FRA-ch U08"]
[Site "Le Grand Bornand"]
[Date "2007.04.??"]
[Round "1"]
[White "Zychowski, Antoine"]
[Black "Genin, Maxime"]
[Result "0-1"]
[WhiteElo "1480"]
[BlackElo "1871"]
[PlyCount "56"]
[EventDate "2007.04.07"]
[EventType "swiss"]
[EventRounds "9"]
[EventCountry "FRA"]
[SourceTitle "CBM 118 Extra"]
[Source "ChessBase"]
[SourceDate "2007.07.04"]
[SourceVersion "1"]
[SourceVersionDate "2007.07.04"]
[SourceQuality "1"]

1. e4 e5 2. Nf3 Nc6 3. d4 exd4 4. Nxd4 Bc5 5. Nxc6 Qf6 6. Qf3 Qxc6 7. Nc3 Ne7 8. Bc4 Bxf2+ 9. Qxf2 Qxc4 10. Qe3 0-0 11. Qd3 Qb4 12. 0-0 d6 13. a3 Qa5 14. b3 f5 15. Bb2 Be6 16. Qg3 Ng6 17. h4 Rf7 18. h5 f4 19. Qh2 Ne5 20. Qh4 f3 21. h6 Raf8 22. hxg7 Rxg7 23. Rf2 Qc5 24. Raf1 Rxg2+ 25. Kh1 Ng4 26. Rxg2 fxg2+ 27. Kxg2 Ne3+ 28. Kh2 Nxf1+ 0-1

[Event "FRA-chT U20"]
[Site "Pau"]
[Date "2005.12.18"]
[Round "4"]
[White "Genin, Maxime"]
[Black "Boutaut, Pierre"]
[Result "1-0"]
[WhiteElo "1928"]
[BlackElo "1863"]
[PlyCount "93"]
[EventDate "2005.12.??"]
[EventType "team-tourn"]
[EventRounds "11"]
[EventCountry "FRA"]
[SourceTitle "EXT 2007"]
[Source "ChessBase"]
[SourceDate "2006.11.23"]
[SourceVersion "1"]
[SourceVersionDate "2006.11.23"]
[SourceQuality "1"]
[WhiteTeam "Bois Colombes"]
[BlackTeam "Montpellier"]
[WhiteTeamCountry "FRA"]
[BlackTeamCountry "FRA"]

1. e4 d6 2. d4 Nf6 3. Nc3 Nbd7 4. Bc4 e5 5. Nf3 Be7 6. 0-0 0-0 7. Be3 c6 8. Qd3 b5 9. Bb3 a5 10. a4 b4 11. Ne2 exd4 12. Nexd4 Qc7 13. Nf5 Nc5 14. Bxc5 dxc5 15. Rad1 Bxf5 16. exf5 Rad8 17. Qc4 Bd6 18. Rfe1 h6 19. h3 Nd5 20. Nd2 Nb6 21. Qg4 Be5 22. Ne4 Rxd1 23. Rxd1 Qe7 24. c3 c4 25. f4 Bf6 26. Bc2 b3 27. Bb1 Nxa4 28. Rd6 Kh7 29. Qe2 Nb6 30. Nxf6+ Qxf6 31. Rxf6 gxf6 32. Qe7 Kg7 33. Qc5 Na4 34. Qxc4 Nxb2 35. Qxb3 a4 36. Qxb2 Ra8 37. Be4 a3 38. Qa2 Ra6 39. Kf2 c5 40. Bd5 Ra4 41. Ke3 Ra5 42. Bxf7 Ra7 43. Bg6 Re7+ 44. Kd3 Rd7+ 45. Kc4 Ra7 46. Kxc5 Rc7+ 47. Kb6 1-0

[Event "FRA-chT U20 0506"]
[Site "France"]
[Date "2005.11.13"]
[Round "3.4"]
[White "Genin, Maxime"]
[Black "Courtois, Matthieu"]
[Result "1-0"]
[WhiteElo "1928"]
[BlackElo "1830"]
[PlyCount "47"]
[EventDate "2005.11.12"]
[EventType "team-tourn"]
[EventRounds "3"]
[EventCountry "FRA"]
[SourceTitle "CBM 109 Extra"]
[Source "ChessBase"]
[SourceDate "2006.01.03"]
[SourceVersion "2"]
[SourceVersionDate "2006.01.03"]
[SourceQuality "1"]

1. e4 c5 2. Nf3 d6 3. d4 cxd4 4. Nxd4 Nf6 5. Nc3 Nc6 6. Bc4 Qc7 7. Bb3 e6 8. 0-0 Be7 9. f4 0-0 10. Kh1 a6 11. Be3 b5 12. a3 Bb7 13. Qf3 Nxd4 14. Bxd4 Rad8 15. f5 Qd7 16. Rae1 exf5 17. Qg3 f4 18. Qxf4 d5 19. Qg3 Nh5 20. Qf3 dxe4 21. Qxh5 g6 22. Qe5 Qxd4 23. Qxe7 Rd7 24. Qb4 1-0

[Event "FRA-chT U20 0506"]
[Site "France"]
[Date "2005.11.13"]
[Round "2.4"]
[White "Song, Julien"]
[Black "Genin, Maxime"]
[Result "1/2-1/2"]
[WhiteElo "1867"]
[BlackElo "1928"]
[PlyCount "108"]
[EventDate "2005.11.12"]
[EventType "team-tourn"]
[EventRounds "3"]
[EventCountry "FRA"]
[SourceTitle "CBM 109 Extra"]
[Source "ChessBase"]
[SourceDate "2006.01.03"]
[SourceVersion "2"]
[SourceVersionDate "2006.01.03"]
[SourceQuality "1"]

1. d4 Nf6 2. c4 c5 3. d5 b5 4. Qc2 g6 5. e4 d6 6. cxb5 Bg7 7. Nc3 Nbd7 8. Nf3 a6 9. a4 axb5 10. Bxb5 Ba6 11. 0-0 Bxb5 12. Nxb5 0-0 13. Bd2 Ng4 14. Bc3 Nge5 15. Nd2 Nb6 16. f4 Ned7 17. Bxg7 Kxg7 18. Rfe1 Qb8 19. a5 Nxd5 20. exd5 Qxb5 21. Rxe7 Nf6 22. Qc3 Rfb8 23. b3 Qb4 24. Qxb4 Rxb4 25. Nc4 Nxd5 26. Rd7 Nxf4 27. Nxd6 Kf6 28. Nxf7 Ke6 29. Rd8 Ra7 30. Ng5+ Kf5 31. Nf3 Rxb3 32. Rf8+ Ke6 33. Rxf4 Kd5 34. Rd1+ Kc6 35. Rf6+ Kb5 36. Rb6+ Ka4 37. Ra1+ Ra3 38. Rxa3+ Kxa3 39. a6 c4 40. Kf2 Ka4 41. Ne5 c3 42. Ke2 Re7 43. a7 Rxa7 44. Kd3 Rc7 45. Nc6 Rf7 46. Kxc3 Rf2 47. Rb4+ Ka3 48. Nd4 Rxg2 49. Nb5+ Ka2 50. Ra4+ Kb1 51. Na3+ Kc1 52. Rf4 Kd1 53. Kd3 Rd2+ 54. Ke3 Re2+ 1/2-1/2

[Event "FRA-chT U20 0506"]
[Site "France"]
[Date "2005.11.12"]
[Round "1.4"]
[White "Genin, Maxime"]
[Black "Yu, William"]
[Result "0-1"]
[WhiteElo "1928"]
[BlackElo "1920"]
[PlyCount "36"]
[EventDate "2005.11.12"]
[EventType "team-tourn"]
[EventRounds "3"]
[EventCountry "FRA"]
[SourceTitle "CBM 109 Extra"]
[Source "ChessBase"]
[SourceDate "2006.01.03"]
[SourceVersion "2"]
[SourceVersionDate "2006.01.03"]
[SourceQuality "1"]

1. e4 g6 2. Nf3 Bg7 3. d4 c5 4. c4 cxd4 5. Nxd4 Nc6 6. Be3 Nf6 7. Nc3 d6 8. Be2 Qa5 9. 0-0 Bd7 10. Rc1 Rc8 11. Qd2 0-0 12. Rfd1 Rfe8 13. b3 a6 14. f3 h5 15. a3 Ne5 16. Qb2 Kh7 17. b4 Qb6 18. Ne6 Qxe3+ 0-1

[Event "FRA-chT U20a 0405"]
[Site "France"]
[Date "2005.05.16"]
[Round "11.4"]
[White "Genin, Maxime"]
[Black "Bismuth, Sarah"]
[Result "1-0"]
[WhiteElo "1820"]
[BlackElo "1650"]
[PlyCount "75"]
[EventDate "2004.11.19"]
[EventType "team-tourn"]
[EventRounds "11"]
[EventCountry "FRA"]
[SourceTitle "EXT 2006"]
[Source "ChessBase"]
[SourceDate "2005.11.24"]
[SourceVersion "1"]
[SourceVersionDate "2005.11.24"]
[SourceQuality "1"]

1. e4 e5 2. Nf3 Nc6 3. Bc4 Bc5 4. d3 Nf6 5. Nc3 d6 6. Bg5 h6 7. Be3 Bb6 8. Bxb6 axb6 9. Nd2 0-0 10. 0-0 Be6 11. f4 Re8 12. f5 Bxc4 13. Nxc4 Nd4 14. Ne2 Nxe2+ 15. Qxe2 d5 16. Nd2 dxe4 17. Nxe4 Qd4+ 18. Rf2 Nxe4 19. Qxe4 Qxb2 20. Raf1 Rxa2 21. Qc4 Ra1 22. Qxc7 Rea8 23. Qxb7 R8a2 24. f6 Qd4 25. Qc8+ Kh7 26. fxg7 Rxf1+ 27. Kxf1 Kxg7 28. Qc7 Ra1+ 29. Ke2 Qg4+ 30. Rf3 Qxg2+ 31. Rf2 Qg4+ 32. Rf3 Qh5 33. h3 Rh1 34. Qxb6 Rxh3 35. Qf6+ Kg8 36. c4 Rh2+ 37. Ke3 Rh1 38. Rg3+ 1-0

[Event "FRA-ch U14"]
[Site "Calvi"]
[Date "2005.04.17"]
[Round "1"]
[White "Genin, Maxime"]
[Black "Ludwig, Remi"]
[Result "0-1"]
[WhiteElo "1790"]
[BlackElo "2046"]
[PlyCount "94"]
[EventDate "2005.04.??"]
[EventType "swiss"]
[EventRounds "9"]
[EventCountry "FRA"]
[SourceTitle "EXT 2006"]
[Source "ChessBase"]
[SourceDate "2005.11.24"]
[SourceVersion "1"]
[SourceVersionDate "2005.11.24"]
[SourceQuality "1"]

1. e4 e6 2. d4 d5 3. exd5 exd5 4. c4 Nf6 5. Nc3 c6 6. Bg5 Be7 7. Nf3 Be6 8. Qb3 Qc7 9. Be2 Nbd7 10. cxd5 Nxd5 11. Bxe7 Nxe7 12. Bc4 Bxc4 13. Qxc4 Nb6 14. Qb3 0-0 15. 0-0 Ned5 16. Rad1 Rfe8 17. Rfe1 Rad8 18. h3 Qd6 19. Ne4 Qc7 20. Nc5 Nf6 21. Ne5 Rd5 22. Qb4 Red8 23. a4 a5 24. Qxa5 Rxd4 25. Rxd4 Rxd4 26. Ned7 Nfxd7 27. Nxd7 Qxd7 28. Qxb6 h6 29. a5 Rd5 30. a6 Rb5 31. Qa7 Kh7 32. axb7 Rxb7 33. Qa3 Qd2 34. Re7 Rxe7 35. Qxe7 Qc1+ 36. Kh2 Qxb2 37. Qxf7 Qf6 38. Qc7 Qc3 39. f3 c5 40. Qc8 Qc2 41. f4 c4 42. f5 Qe4 43. Qe6 Qxe6 44. fxe6 Kg6 45. Kg3 c3 46. h4 c2 47. h5+ Kf6 0-1

[Event "FRA-chT U20 0203"]
[Site "Clichy"]
[Date "2003.05.04"]
[Round "11.6"]
[White "Chretien, Antonin"]
[Black "Genin, Maxime"]
[Result "1-0"]
[WhiteElo "1520"]
[BlackElo "1790"]
[PlyCount "111"]
[EventDate "2002.12.??"]
[EventType "team-tourn"]
[EventRounds "11"]
[EventCountry "FRA"]
[SourceTitle "EXT 2004"]
[Source "ChessBase"]
[SourceDate "2003.11.25"]
[SourceVersion "1"]
[SourceVersionDate "2003.11.25"]
[SourceQuality "1"]
[WhiteTeam "Nancy"]
[BlackTeam "Bois Colombes"]
[WhiteTeamCountry "FRA"]
[BlackTeamCountry "FRA"]

1. e4 e5 2. Nc3 Nc6 3. Bc4 Bc5 4. Qg4 Nf6 5. Qxg7 Rf8 6. d3 Be7 7. Nf3 d6 8. Ng5 Be6 9. Bxe6 fxe6 10. Nxe6 Rf7 11. Qh8+ Rf8 12. Nxf8 Bxf8 13. Bg5 Kf7 14. Bxf6 Qxf6 15. Qxh7+ Bg7 16. Nd5 Qg5 17. Qf5+ Qxf5 18. exf5 Nd4 19. 0-0-0 a5 20. Nxc7 Rc8 21. Nd5 Rxc2+ 22. Kb1 Rxf2 23. g4 Rg2 24. Rdg1 Rd2 25. Rg3 b5 26. h4 b4 27. f6 Bxf6 28. Rf1 Kg7 29. Nxf6 a4 30. Ne4 Rh2 31. h5 a3 32. b3 Rb2+ 33. Kc1 d5 34. Rf2 Rxf2 35. Nxf2 Ne2+ 36. Kd2 Nxg3 37. Ke3 Nf1+ 38. Ke2 Ng3+ 39. Kf3 Nf1 40. g5 Nd2+ 41. Ke2 Nb1 42. Nd1 Nc3+ 43. Nxc3 bxc3 44. b4 e4 45. dxe4 dxe4 46. b5 c2 47. Kd2 e3+ 48. Kxc2 e2 49. Kd2 Kf7 50. b6 Ke6 51. b7 Kf5 52. b8Q Kxg5 53. Qe5+ Kh6 54. Qf6+ Kh7 55. h6 Kg8 56. Qg7# 1-0

[Event "FRA-chT U20 0203"]
[Site "Clichy"]
[Date "2003.05.03"]
[Round "10.6"]
[White "Genin, Maxime"]
[Black "Aras, Anthony"]
[Result "1-0"]
[WhiteElo "1790"]
[BlackElo "1400"]
[PlyCount "51"]
[EventDate "2002.12.??"]
[EventType "team-tourn"]
[EventRounds "11"]
[EventCountry "FRA"]
[SourceTitle "EXT 2004"]
[Source "ChessBase"]
[SourceDate "2003.11.25"]
[SourceVersion "1"]
[SourceVersionDate "2003.11.25"]
[SourceQuality "1"]
[WhiteTeam "Bois Colombes"]
[BlackTeam "Agneaux Saint Lo"]
[WhiteTeamCountry "FRA"]
[BlackTeamCountry "FRA"]

1. e4 c6 2. d4 d5 3. Nc3 dxe4 4. Nxe4 Nf6 5. Ng3 g6 6. Nf3 Bg7 7. Bc4 0-0 8. 0-0 Bg4 9. Be3 Nbd7 10. Re1 Nb6 11. Bb3 Nfd5 12. Bxd5 Nxd5 13. Bg5 Re8 14. h3 Bxf3 15. Qxf3 Bf6 16. Bxf6 Nxf6 17. c3 Qc7 18. h4 e5 19. Qxf6 exd4 20. cxd4 Qa5 21. Rxe8+ Rxe8 22. h5 gxh5 23. Nf5 Re1+ 24. Rxe1 Qxe1+ 25. Kh2 Kf8 26. Qh8# 1-0

[Event "FRA-chT U20 0203"]
[Site "Clichy"]
[Date "2003.05.03"]
[Round "9.6"]
[White "Suire, Benjamin"]
[Black "Genin, Maxime"]
[Result "0-1"]
[WhiteElo "1710"]
[BlackElo "1790"]
[PlyCount "78"]
[EventDate "2002.12.??"]
[EventType "team-tourn"]
[EventRounds "11"]
[EventCountry "FRA"]
[SourceTitle "EXT 2004"]
[Source "ChessBase"]
[SourceDate "2003.11.25"]
[SourceVersion "1"]
[SourceVersionDate "2003.11.25"]
[SourceQuality "1"]
[WhiteTeam "Mulhouse"]
[BlackTeam "Bois Colombes"]
[WhiteTeamCountry "FRA"]
[BlackTeamCountry "FRA"]

1. e4 e5 2. Nf3 Nc6 3. Bc4 Bc5 4. d3 d6 5. 0-0 Bg4 6. Nbd2 Nf6 7. c3 0-0 8. Re1 d5 9. exd5 Nxd5 10. Nf1 Re8 11. Ng3 Re6 12. h3 Bxf3 13. gxf3 Rg6 14. Kf1 Qd7 15. Ne4 Qxh3+ 16. Ke2 Bb6 17. Bxd5 Kf8 18. a4 f5 19. Ng5 Qg2 20. Rf1 e4 21. dxe4 Ne5 22. Bf4 Rxg5 23. Bxg5 Qxg5 24. Qc1 Qh5 25. exf5 Re8 26. Bxb7 Qxf5 27. Qb1 Nxf3+ 28. Kd1 Rd8+ 29. Kc1 Qxb1+ 30. Rxb1 Nd2 31. Rd1 Bxf2 32. Kc2 Be3 33. Ra1 g5 34. Be4 h5 35. Bg6 h4 36. a5 Ke7 37. Bd3 Nf3 38. Rf1 Rf8 39. Be4 g4 0-1

[Event "FRA-chT U20 0203"]
[Site "Clichy"]
[Date "2002.12.01"]
[Round "2.6"]
[White "Genin, Maxime"]
[Black "Mulet Marquis, Maxime"]
[Result "1-0"]
[WhiteElo "1450"]
[BlackElo "1420"]
[PlyCount "62"]
[EventDate "2002.12.??"]
[EventType "team-tourn"]
[EventRounds "11"]
[EventCountry "FRA"]
[SourceTitle "EXT 2004"]
[Source "ChessBase"]
[SourceDate "2003.11.25"]
[SourceVersion "1"]
[SourceVersionDate "2003.11.25"]
[SourceQuality "1"]
[WhiteTeam "Bois Colombes"]
[BlackTeam "Clichy"]
[WhiteTeamCountry "FRA"]
[BlackTeamCountry "FRA"]

1. e4 e5 2. Nf3 Nc6 3. Bc4 Nf6 4. d3 h6 5. Nc3 Bc5 6. Be3 Bxe3 7. fxe3 d6 8. 0-0 Bg4 9. Qe1 Bxf3 10. Rxf3 Qe7 11. Qg3 Rg8 12. Raf1 0-0-0 13. Bb5 Kb8 14. Bxc6 bxc6 15. b4 Rdf8 16. b5 c5 17. a4 Nd7 18. Nd5 Qe6 19. a5 f6 20. Rb1 Kb7 21. b6 cxb6 22. axb6 axb6 23. Qe1 Ra8 24. Qc3 Rgc8 25. Qb3 Rc6 26. Rg3 g5 27. Rh3 Rh8 28. Qb5 h5 29. Ra1 Ra8 30. Rxa8 Kxa8 31. Qxc6+ Ka7 1-0

[Event "FRA-chT U20 0203"]
[Site "Clichy"]
[Date "2002.12.01"]
[Round "3.6"]
[White "Teixeira, Andre"]
[Black "Genin, Maxime"]
[Result "0-1"]
[WhiteElo "1560"]
[BlackElo "1450"]
[PlyCount "44"]
[EventDate "2002.12.??"]
[EventType "team-tourn"]
[EventRounds "11"]
[EventCountry "FRA"]
[SourceTitle "EXT 2004"]
[Source "ChessBase"]
[SourceDate "2003.11.25"]
[SourceVersion "1"]
[SourceVersionDate "2003.11.25"]
[SourceQuality "1"]
[WhiteTeam "AECE"]
[BlackTeam "Bois Colombes"]
[WhiteTeamCountry "FRA"]
[BlackTeamCountry "FRA"]

1. e4 e5 2. Nf3 Nc6 3. Bc4 Bc5 4. 0-0 Nf6 5. Nc3 d6 6. d3 Bg4 7. Bg5 Nd4 8. Nd5 Nxf3+ 9. gxf3 Bh3 10. Re1 c6 11. Nc3 h6 12. Bh4 g5 13. Bg3 h5 14. Kh1 h4 15. Bxh4 gxh4 16. Qd2 Nh5 17. Rg1 Qf6 18. Qe2 Nf4 19. Qe1 Kd7 20. Ne2 Nh5 21. Nd4 Bxd4 22. Qe2 Nf4 0-1

[Event "FRA-chT U20 0203"]
[Site "Clichy"]
[Date "2002.11.30"]
[Round "1.6"]
[White "Genin, Maxime"]
[Black "Delivre, Raphael"]
[Result "0-1"]
[WhiteElo "1450"]
[BlackElo "1710"]
[PlyCount "146"]
[EventDate "2002.12.??"]
[EventType "team-tourn"]
[EventRounds "11"]
[EventCountry "FRA"]
[SourceTitle "EXT 2004"]
[Source "ChessBase"]
[SourceDate "2003.11.25"]
[SourceVersion "1"]
[SourceVersionDate "2003.11.25"]
[SourceQuality "1"]
[WhiteTeam "Bois Colombes"]
[BlackTeam "Paris NAO"]
[WhiteTeamCountry "FRA"]
[BlackTeamCountry "FRA"]

1. e4 c5 2. Nf3 Nc6 3. Nc3 g6 4. Bc4 Bg7 5. d3 d6 6. Bg5 Nf6 7. 0-0 0-0 8. Qd2 Bg4 9. Qf4 Bxf3 10. Qxf3 Ne5 11. Qe3 Nxc4 12. dxc4 Qb6 13. b3 Qa5 14. Ne2 Ng4 15. Qf4 Bxa1 16. Rxa1 f6 17. Qxg4 fxg5 18. Qxg5 Rf6 19. Qd5+ Kg7 20. c3 Raf8 21. f3 Qc7 22. Ng3 a6 23. Qg5 Kh8 24. Re1 b5 25. cxb5 axb5 26. Qd5 Qa5 27. Qd2 b4 28. c4 Ra8 29. Re2 Qc7 30. Qb2 Kg8 31. Qd2 Rff8 32. Qg5 Kh8 33. e5 dxe5 34. Rxe5 Rxa2 35. Rxe7 Qf4 36. Qxc5 Ra1+ 37. Nf1 Rd8 38. Re4 Rdd1 39. Qc8+ Kg7 40. Re7+ Kh6 41. Qh3+ Kg5 42. g3 Rxf1+ 43. Qxf1 Rxf1+ 44. Kxf1 Qxf3+ 45. Ke1 Qh1+ 46. Kd2 Qxh2+ 47. Kc1 Qxg3 48. c5 Qg1+ 49. Kd2 Qxc5 50. Rxh7 Qd5+ 51. Kc2 Qe4+ 52. Kb2 Qe2+ 53. Kb1 Qd1+ 54. Kb2 Qd2+ 55. Kb1 Qc3 56. Ka2 Qc2+ 57. Ka1 Qxb3 58. Rh2 Qa3+ 59. Kb1 Qd3+ 60. Kb2 Qd4+ 61. Kb3 Qc3+ 62. Ka2 b3+ 63. Kb1 Qe1+ 64. Kb2 Qe5+ 65. Kxb3 Qxh2 66. Kc4 Qd2 67. Kc5 Kf5 68. Kc4 Ke5 69. Kc5 Qc3+ 70. Kb5 Kd5 71. Ka4 Qb2 72. Ka5 Kc5 73. Ka4 Qb4# 0-1